[Event "WTCC-65 2018"]
[Site "Radebeul"]
[Date "2018.07.09"]
[Round "3"]
[White "Vaisser, Anatoly"]
[Black "Clara, Hans Joachim"]
[Result "0-1"]
[WhiteElo "2502"]
[BlackElo "2289"]
[Annotator "ChessBase"]
[PlyCount "113"]
[EventDate "2018.07.07"]
[EventType "team-tourn"]
[EventCountry "GER"]
[SourceTitle "playchess.com"]
[Source "ChessBase"]
[SourceQuality "1"]
[TimeControl "40/5400+30:1800+30"]

1. b3 {[%emt 0:00:08]} Nf6 {[%emt 0:02:10]} 2. Bb2 {[%emt 0:00:15]} e6 {[%emt 0:01:10]} 3. e3 {[%emt 0:01:44]} d5 {[%emt 0:01:06]} 4. f4 {[%emt 0:00:29]} Be7 {[%emt 0:00:52]} 5. Nf3 {[%emt 0:00:29]} O-O {[%emt 0:00:15]} 6. Bd3 {[%emt 0:05:01]} b6 {[%emt 0:03:28]} 7. Qe2 {[%emt 0:06:54]} Bb7 {[%emt 0:03:42]} 8. O-O {[%emt 0:03:56]} Nbd7 {[%emt 0:00:31]} 9. c4 {[%emt 0:00:55]} c5 {[%emt 0:13:27]} 10. Nc3 {[%emt 0:09:43]} Ne4 {[%emt 0:05:33]} 11. Bc2 {[%emt 0:10:39]} Bf6 {[%emt 0:02:05]} 12. d4 {[%emt 0:00:56]} Nxc3 {[%emt 0:02:05]} 13. Bxc3 {[%emt 0:02:22]} dxc4 {[%emt 0:10:39]} 14. bxc4 {[%emt 0:00:19]} Bxf3 {[%emt 0:07:25]} 15. Rxf3 {[%emt 0:01:54]} g6 {[%emt 0:01:25]} 16. Rd1 {[%emt 0:02:35]} Qc7 {[%emt 0:00:48]} 17. Be1 {[%emt 0:01:59]} cxd4 {[%emt 0:02:36]} 18. exd4 {[%emt 0:00:51]} Rad8 {[%emt 0:00:41]} 19. Bf2 {[%emt 0:01:56]} Nb8 {[%emt 0:01:48]} 20. d5 {[%emt 0:05:19]} exd5 {[%emt 0:01:17]} 21. cxd5 {[%emt 0:00:04]} Qd6 {[%emt 0:02:07]} 22. g4 {[%emt 0:03:26]} Rfe8 {[%emt 0:01:37]} 23. Re3 {[%emt 0:04:20]} Rxe3 {[%emt 0:03:22]} 24. Qxe3 {[%emt 0:00:30]} Nd7 {[%emt 0:00:56]} 25. g5 {[%emt 0:01:41]} Bg7 {[%emt 0:00:39]} 26. Ba4 {[%emt 0:07:33]} Nc5 {[%emt 0:00:58]} 27. Bc6 {[%emt 0:00:38]} Ne6 {[%emt 0:04:19]} 28. Bg3 {[%emt 0:01:03]} Bd4 {[%emt 0:00:23]} 29. Rxd4 {[%emt 0:00:45]} Nxd4 {[%emt 0:00:02]} 30. f5 {[%emt 0:07:07]} Qc5 {[%emt 0:01:25]} 31. f6 {[%emt 0:04:35]} Nxc6 {[%emt 0:01:24]} 32. Qxc5 {[%emt 0:00:14]} bxc5 {[%emt 0:00:03]} 33. dxc6 {[%emt 0:00:07]} Rc8 {[%emt 0:00:44]} 34. c7 {[%emt 0:00:07]} Kf8 {[%emt 0:00:02]} 35. Kf2 {[%emt 0:03:14]} Ke8 {[%emt 0:00:02]} 36. Ke3 {[%emt 0:00:25]} Kd7 {[%emt 0:00:03]} 37. Ke4 {[%emt 0:00:15]} Kc6 {[%emt 0:00:53]} 38. a4 {[%emt 0:07:48]} Re8+ {[%emt 0:04:04]} 39. Kd3 {[%emt 0:01:07]} a6 {[%emt 0:02:00]} 40. Kc3 {[%emt 0:03:58]} Kd5 {[%emt 0:01:06]} 41. Kd3 {[%emt 0:03:32]} Kc6 {[%emt 0:00:29]} 42. Kc3 {[%emt 0:02:44]} Kd7 {[%emt 0:00:49]} 43. Kd3 {[%emt 0:07:21]} Re6 {[%emt 0:00:38]} 44. h4 {[%emt 0:05:39]} Rb6 {[%emt 0:01:02]} 45. Kc4 {[%emt 0:00:29]} Rb4+ {[%emt 0:01:26]} 46. Kxc5 {[%emt 0:00:05]} Rxa4 {[%emt 0:00:09]} 47. Kb6 {[%emt 0:00:29]} Kc8 {[%emt 0:02:52]} 48. Be1 {[%emt 0:03:55]} Re4 {[%emt 0:00:33]} 49. Bg3 {[%emt 0:01:24]} Re6+ {[%emt 0:00:07]} 50. Ka5 {[%emt 0:02:13]} Re3 {[%emt 0:01:42]} 51. Bf2 {[%emt 0:02:58]} Re2 {[%emt 0:02:27]} 52. Bg3 {[%emt 0:01:41]} Kb7 {[%emt 0:01:05]} 53. Kb4 {[%emt 0:01:01]} Rc2 {[%emt 0:00:38]} 54. Ka5 {[%emt 0:03:26]} Rg2 {[%emt 0:00:49]} 55. Be1 {[%emt 0:01:59]} Ra2+ {[%emt 0:00:11]} 56. Kb4 {[%emt 0:00:04]} Kxc7 {[%emt 0:00:11]} 57. Kc5 {[%emt 0:00:26]} 0-1

[Event "WTCC-65 2018"]
[Site "Radebeul"]
[Date "2018.07.09"]
[Round "3"]
[White "Zhelnin, Vladimir V"]
[Black "Malmdin, Nils Ake"]
[Result "1/2-1/2"]
[WhiteElo "2453"]
[BlackElo "2138"]
[Annotator "ChessBase"]
[PlyCount "140"]
[EventDate "2018.07.07"]
[EventType "team-tourn"]
[EventCountry "GER"]
[SourceTitle "playchess.com"]
[Source "ChessBase"]
[SourceQuality "1"]
[TimeControl "40/5400+30:1800+30"]

1. e4 {[%emt 0:00:00]} g6 {[%emt 0:00:00]} 2. d4 {[%emt 0:00:28]} Bg7 {[%emt 0:00:08]} 3. Nf3 {[%emt 0:01:58]} d6 {[%emt 0:05:56]} 4. Be2 {[%emt 0:02:48]} Nf6 {[%emt 0:05:11]} 5. Nc3 {[%emt 0:00:15]} O-O {[%emt 0:00:17]} 6. O-O {[%emt 0:00:17]} Nc6 {[%emt 0:01:30]} 7. d5 {[%emt 0:04:22]} Nb8 {[%emt 0:00:12]} 8. Re1 {[%emt 0:01:49]} e5 {[%emt 0:06:34]} 9. dxe6 {[%emt 0:00:12]} Bxe6 {[%emt 0:00:12]} 10. Nd4 {[%emt 0:00:45]} Bd7 {[%emt 0:00:10]} 11. Bg5 {[%emt 0:03:28]} h6 {[%emt 0:00:57]} 12. Bh4 {[%emt 0:00:30]} Nc6 {[%emt 0:00:40]} 13. Nxc6 {[%emt 0:01:33]} Bxc6 {[%emt 0:01:33]} 14. Bd3 {[%emt 0:01:20]} Qd7 {[%emt 0:13:32]} 15. f3 {[%emt 0:07:25]} b5 {[%emt 0:16:46]} 16. Qd2 {[%emt 0:04:48]} g5 {[%emt 0:06:30]} 17. Bf2 {[%emt 0:01:43]} Nh5 {[%emt 0:00:28]} 18. Bf1 {[%emt 0:04:28]} Nf4 {[%emt 0:12:56]} 19. Bd4 {[%emt 0:05:43]} f6 {[%emt 0:00:49]} 20. Rad1 {[%emt 0:07:29]} a6 {[%emt 0:02:07]} 21. Be3 {[%emt 0:04:07]} Ng6 {[%emt 0:01:00]} 22. Ne2 {[%emt 0:02:33]} g4 {[%emt 0:05:35]} 23. fxg4 {[%emt 0:12:38]} Qxg4 {[%emt 0:01:17]} 24. Ng3 {[%emt 0:00:33]} Kh7 {[%emt 0:02:55]} 25. Be2 {[%emt 0:10:55]} Qd7 {[%emt 0:00:45]} 26. h3 {[%emt 0:01:56]} Ne5 {[%emt 0:00:52]} 27. b3 {[%emt 0:00:14]} Rg8 {[%emt 0:00:40]} 28. Bf4 {[%emt 0:03:20]} f5 {[%emt 0:05:06]} 29. exf5 {[%emt 0:05:19]} Bf6 {[%emt 0:00:46]} 30. Bh5 {[%emt 0:01:59]} Rxg3 {[%emt 0:06:49]} 31. Bxg3 {[%emt 0:00:15]} Qxf5 {[%emt 0:00:17]} 32. Bxe5 {[%emt 0:03:17]} Bxe5 {[%emt 0:00:21]} 33. Qd3 {[%emt 0:00:19]} Qxd3 {[%emt 0:00:21]} 34. Rxd3 {[%emt 0:00:08]} Rg8 {[%emt 0:00:49]} 35. Bf3 {[%emt 0:00:35]} Be8 {[%emt 0:00:26]} 36. Bb7 {[%emt 0:03:37]} a5 {[%emt 0:00:57]} 37. Bd5 {[%emt 0:00:44]} Rg7 {[%emt 0:00:43]} 38. c4 {[%emt 0:00:57]} b4 {[%emt 0:00:48]} 39. Be4+ {[%emt 0:00:47]} Kg8 {[%emt 0:01:05]} 40. Rd5 {[%emt 0:01:37]} a4 {[%emt 0:00:45]} 41. Ra5 {[%emt 0:32:17]} axb3 {[%emt 0:07:11]} 42. axb3 {[%emt 0:00:00]} Re7 {[%emt 0:00:50]} 43. Re2 {[%emt 0:00:00]} Kg7 {[%emt 0:00:45]} 44. Bf3 {[%emt 0:00:00]} Bg6 {[%emt 0:02:20]} 45. g4 {[%emt 0:00:00]} Bd3 {[%emt 0:02:38]} 46. Rd2 {[%emt 0:00:00]} Bg6 {[%emt 0:00:23]} 47. Kg2 {[%emt 0:00:00]} Be8 {[%emt 0:03:48]} 48. Re2 {[%emt 0:00:00]} Bg6 {[%emt 0:00:11]} 49. Ra8 {[%emt 0:00:00]} Be8 {[%emt 0:00:39]} 50. h4 {[%emt 0:00:00]} Bg6 {[%emt 0:01:45]} 51. Bc6 {[%emt 0:00:00]} Rf7 {[%emt 0:02:10]} 52. Rc8 {[%emt 0:00:00]} Bd3 {[%emt 0:02:19]} 53. Rf2 {[%emt 0:01:35]} Re7 {[%emt 0:03:06]} 54. Rff8 {[%emt 0:01:56]} Bc2 {[%emt 0:01:18]} 55. Rh8 {[%emt 0:01:39]} Bh7 {[%emt 0:00:34]} 56. Rhe8 {[%emt 0:01:10]} Rxe8 {[%emt 0:06:26]} 57. Rxe8 {[%emt 0:00:20]} Bc2 {[%emt 0:00:47]} 58. Re7+ {[%emt 0:01:06]} Kf6 {[%emt 0:00:09]} 59. Rxc7 {[%emt 0:00:02]} Bxb3 {[%emt 0:00:21]} 60. Be4 {[%emt 0:01:24]} Bd1 {[%emt 0:00:16]} 61. Rb7 {[%emt 0:00:51]} b3 {[%emt 0:00:18]} 62. c5 {[%emt 0:00:52]} dxc5 {[%emt 0:00:21]} 63. Rb6+ {[%emt 0:00:01]} Ke7 {[%emt 0:01:10]} 64. Bd5 {[%emt 0:00:39]} b2 {[%emt 0:00:54]} 65. g5 {[%emt 0:00:47]} hxg5 {[%emt 0:00:07]} 66. hxg5 {[%emt 0:00:01]} Bc2 {[%emt 0:01:11]} 67. Ba2 {[%emt 0:00:10]} c4 {[%emt 0:01:25]} 68. Bxc4 {[%emt 0:01:14]} b1=Q 69. Rxb1 Bxb1 {[%emt 0:00:57]} 70. Kf3 {[%emt 0:00:40]} Bg6 {[%emt 0:00:35] Ke4} 1/2-1/2

[Event "WTCC-65 2018"]
[Site "Radebeul"]
[Date "2018.07.09"]
[Round "3"]
[White "Balashov, Yuri S"]
[Black "Wahlbom, Magnus"]
[Result "1-0"]
[WhiteElo "2423"]
[BlackElo "2185"]
[Annotator "TA"]
[PlyCount "91"]
[EventDate "2018.07.07"]
[EventType "team-tourn"]
[EventCountry "GER"]
[SourceTitle "playchess.com"]
[Source "ChessBase"]
[SourceQuality "1"]

{[%evp 18,91,0,3,34,0,35,36,41,45,61,58,60,33,52,37,60,13,20,14,22,17,22,7,43,35,63,73,78,58,65,61,62,60,71,23,32,21,70,58,72,56,116,123,98,100,133,126,129,120,416,391,418,121,210,59,56,58,36,54,56,54,63,61,119,117,111,107,103,110,375,358,1776,1787,1677,1650]} 1. e4 c5 2. Nf3 d6 3. g3 Nf6 4. d3 Nc6 5. Bg2 g6 6. O-O Bg7 7. c3 O-O 8. Re1 e5 9. a3 h6 10. b4 {[%cal Bb2b4,Bb4b5][%mdl 32] LiveBook: 27 Games. A05: Réti Opening: 1 Nf3 Nf6} Re8 (10... b6 11. b5 Ne7 12. a4 a6 13. Na3 Be6 14. Bb2 Nd7 15. bxa6 Rxa6 16. Nb5 d5 17. exd5 Nxd5 {0-1 (62) Saric,I (2664)-Zherebukh,Y (2636) chess.com INT 2018}) 11. Nbd2 b6 12. Bb2 {White is slightly better.} Bb7 13. b5 $146 ({Predecessor:} 13. Qb3 Nh7 14. Rad1 Qc7 15. Nh4 Nf8 16. Nc4 Ne6 17. Rf1 Qd8 {1-0 (42) Adu,O (2294)-Zapata,A (2504) Miami 2007}) 13... Nb8 14. Nc4 Qc7 15. a4 a6 16. Qb3 Nbd7 17. Nfd2 d5 18. exd5 Bxd5 19. Bxd5 Nxd5 20. Ne4 {Threatens to win with Ncd6.} N5f6 (20... Re6 {keeps more tension.} 21. a5 axb5 22. Nxb6 N5xb6 23. axb6 Qc6) 21. Ne3 (21. bxa6 {looks sharper.} Rxa6 22. Ne3 h5 23. c4 Nxe4 24. dxe4 Nf6 25. Nd5) 21... Nxe4 22. dxe4 axb5 23. axb5 Rxa1 24. Rxa1 Nf6 25. f3 h5 26. Rd1 Bh6 27. Nc4 Re6 28. Qa4 Qb8 29. Ra1 Ne8 (29... Re8 $14) 30. Qa8 $16 Qxa8 31. Rxa8 Kg7 32. Rb8 Nd6 33. Nxb6 {aiming for Nd5.} Be3+ $2 {[%mdl 8192]} (33... Nxb5 $16 34. Nd5 Nd6) 34. Kf1 c4 35. Ke2 $2 (35. Ba3 $1 $18 {is the precise move to win.}) 35... Bg1 {[#]} (35... Bc5 $16 {was necessary.} 36. Bc1 Nxb5) 36. h3 $2 (36. Ba3 $1 $18 {[%cal Ra3d6]} Nxe4 37. Na4 (37. fxe4 Rxb6 38. Rxb6 Bxb6 $11) (37. Nxc4 Nxc3+ 38. Kf1 Ba7 $16)) 36... Nxe4 $14 37. Nxc4 Nxg3+ 38. Kd3 {b6 is the strong threat.} e4+ 39. fxe4 Nxe4 40. Ba3 Ba7 (40... Bh2 $14 41. Rd8 Bg1) 41. Ra8 $16 Bg1 {[#]} 42. Ra6 $1 {[%cal Ra6e6] Hoping for Rxe6.} Nf2+ 43. Kd2 Rxa6 $4 {[%mdl 8192]} (43... Ne4+ $16 44. Kc2 Rf6) 44. bxa6 $18 Nxh3 $2 (44... Ne4+ 45. Kd3 Nf2+ 46. Kc2 Ne4) 45. Ne3 Nf4 46. c4 {Precision: White = 47%, Black = 24%.} 1-0

[Event "WTCC-65 2018"]
[Site "Radebeul"]
[Date "2018.07.09"]
[Round "3"]
[White "Seret, Jean-Luc"]
[Black "Bosbach, Gerhard"]
[Result "1/2-1/2"]
[WhiteElo "2353"]
[BlackElo "2161"]
[Annotator "NA"]
[PlyCount "47"]
[EventDate "2018.07.07"]
[EventType "team-tourn"]
[EventCountry "GER"]
[SourceTitle "playchess.com"]
[Source "ChessBase"]
[SourceQuality "1"]
[TimeControl "40/5400+30:1800+30"]

1. e4 {[%emt 0:00:00]} c5 {[%emt 0:00:00]} 2. Nf3 {[%emt 0:00:06]} e6 {[%emt 0:00:22]} 3. c3 {[%emt 0:02:12]} Nf6 {[%emt 0:04:06]} 4. d3 {[%emt 0:02:54]} d5 {[%emt 0:04:23]} 5. Qe2 {[%emt 0:00:30] B40: Sicilian: 2...e6, Unusual lines} (5. e5 Nfd7 6. d4 Nc6 7. Be2 f6 8. exf6 Nxf6 9. O-O Bd6 10. Be3 cxd4 11. cxd4 O-O 12. Nc3 a6 {½-½ (24) Zvjaginsev,V (2676)-Khairullin,I (2637) Belgorod 2010}) 5... Be7 {[%emt 0:03:50]} 6. e5 {[%emt 0:00:54]} Nfd7 {[%emt 0:00:08]} 7. g3 {[%emt 0:00:55]} Nc6 {[%emt 0:01:47]} 8. h4 {[%emt 0:00:37]} h6 {[%emt 0:06:35]} 9. Bg2 {[%emt 0:02:34]} b5 {[%emt 0:01:36]} 10. O-O {[%emt 0:03:06]} Nb6 {[%emt 0:03:37]} 11. Be3 $146 {[%emt 0:10:49]} ({Predecessor:} 11. d4 cxd4 12. Nxd4 Nxd4 13. cxd4 {0-1 (48) Dumont,S (2341)-Giaccio,A (2479) Sao Paulo 2004}) 11... a6 {[%emt 0:05:00]} 12. d4 {[%emt 0:06:45]} cxd4 {[%emt 0:03:18]} 13. Nxd4 {[%emt 0:07:19]} Nxe5 {[%emt 0:06:58]} 14. Bxh6 {[%emt 0:03:52]} Rxh6 {[%emt 0:03:07]} 15. Qxe5 {[%emt 0:00:09]} Bf6 {[%emt 0:01:03]} 16. Qe2 {[%emt 0:01:21]} Kf8 {[%emt 0:02:16]} 17. Nd2 {[%emt 0:00:56]} e5 {[%emt 0:02:47]} 18. Nc2 {[%emt 0:02:19]} Be6 {[%emt 0:18:06]} 19. Ne3 {[%emt 0:03:47]} Qc8 $11 {[%emt 0:03:30]} 20. Bf3 {[%emt 0:07:22]} Rg6 {[%emt 0:08:27]} 21. Bh5 {[%emt 0:01:41]} Rh6 {[%emt 0:01:02]} 22. Bg4 {[%emt 0:05:46]} Be7 {[%emt 0:05:32]} 23. Bxe6 {[%emt 0:06:29]} Rxe6 {[%emt 0:00:14]} 24. Nb3 {[%emt 0:02:09]} 1/2-1/2

[Event "WTCC-65 2018"]
[Site "Radebeul"]
[Date "2018.07.09"]
[Round "3"]
[White "Schmidt, Bodo"]
[Black "Postler, Reinhard"]
[Result "1/2-1/2"]
[WhiteElo "2344"]
[BlackElo "2243"]
[Annotator "NA"]
[PlyCount "42"]
[EventDate "2018.07.07"]
[EventType "team-tourn"]
[EventCountry "GER"]
[SourceTitle "playchess.com"]
[Source "ChessBase"]
[SourceQuality "1"]
[TimeControl "40/5400+30:1800+30"]

1. d4 {[%emt 0:00:00]} d5 {[%emt 0:00:00]} 2. Bf4 {[%emt 0:00:00]} Nf6 {[%emt 0:00:00]} 3. e3 {[%emt 0:00:00]} e6 {[%emt 0:00:27]} 4. Nd2 {[%emt 0:00:07]} c5 {[%emt 0:01:03]} 5. c3 {[%emt 0:00:45]} Nc6 {[%emt 0:01:07]} 6. Ngf3 {[%emt 0:00:22]} Bd6 {[%emt 0:02:29]} 7. Bg3 {[%emt 0:00:08]} O-O {[%emt 0:02:02]} 8. Bd3 {[%emt 0:00:37]} b6 {[%emt 0:01:24]} 9. Ne5 {[%emt 0:01:20]} Bb7 {[%emt 0:01:11]} 10. f4 {[%emt 0:00:59]} Ne7 {[%emt 0:03:53]} 11. Qf3 {[%emt 0:05:11]} Nf5 {[%emt 0:03:37]} 12. Bxf5 {[%emt 0:13:50]} exf5 {[%emt 0:00:15]} 13. Bh4 {[%emt 0:00:03]} Be7 {[%emt 0:03:19]} 14. Bxf6 {[%emt 0:04:31]} Bxf6 {[%emt 0:04:16]} 15. h3 {[%emt 0:07:19]} Be7 {[%emt 0:04:00]} 16. O-O-O {[%emt 0:03:25]} f6 {[%emt 0:07:32]} 17. Nd3 {[%emt 0:00:50]} Re8 {[%emt 0:03:29]} 18. g4 {[%emt 0:00:50]} Bf8 $17 {[%emt 0:00:34]} 19. Nf1 {[%emt 0:05:11]} Qe7 {[%emt 0:08:26]} 20. Nf2 {[%emt 0:01:04]} cxd4 {[%emt 0:05:53]} 21. exd4 {[%emt 0:14:41]} Qd8 1/2-1/2

[Event "WTCC-65 2018"]
[Site "Radebeul"]
[Date "2018.07.09"]
[Round "3"]
[White "Renman, Nils Gustaf"]
[Black "Sveshnikov, Evgeny"]
[Result "1/2-1/2"]
[WhiteElo "2343"]
[BlackElo "2464"]
[Annotator "ChessBase"]
[PlyCount "52"]
[EventDate "2018.07.07"]
[EventType "team-tourn"]
[EventCountry "GER"]
[SourceTitle "playchess.com"]
[Source "ChessBase"]
[SourceQuality "1"]
[TimeControl "40/5400+30:1800+30"]

1. d4 {[%emt 0:00:00]} d5 {[%emt 0:00:00]} 2. Nf3 {[%emt 0:00:00]} Nf6 {[%emt 0:00:00]} 3. c4 {[%emt 0:00:00]} e6 {[%emt 0:00:00]} 4. Nc3 {[%emt 0:00:00]} c6 {[%emt 0:00:03]} 5. e3 {[%emt 0:00:35]} Nbd7 {[%emt 0:00:10]} 6. Qc2 {[%emt 0:00:33]} Bd6 {[%emt 0:00:34]} 7. b3 {[%emt 0:01:42]} O-O {[%emt 0:03:09]} 8. Be2 {[%emt 0:00:17]} b6 {[%emt 0:05:14]} 9. O-O {[%emt 0:03:26]} Bb7 {[%emt 0:00:14]} 10. Bb2 {[%emt 0:00:59]} Qe7 {[%emt 0:06:31]} 11. Rad1 {[%emt 0:03:24]} Rfd8 {[%emt 0:04:52]} 12. e4 {[%emt 0:11:12]} Nxe4 {[%emt 0:01:06]} 13. Nxe4 {[%emt 0:00:49]} dxe4 {[%emt 0:00:02]} 14. Qxe4 {[%emt 0:00:20]} Nf6 {[%emt 0:00:19]} 15. Qh4 {[%emt 0:00:28]} c5 {[%emt 0:01:46]} 16. dxc5 {[%emt 0:25:01]} Bxc5 {[%emt 0:01:44]} 17. Ne5 {[%emt 0:04:19]} Ne4 {[%emt 0:18:48]} 18. Qxe7 {[%emt 0:06:01]} Bxe7 {[%emt 0:00:05]} 19. Nd3 {[%emt 0:07:11]} Bf6 {[%emt 0:10:59]} 20. Bxf6 {[%emt 0:00:06]} gxf6 {[%emt 0:00:37]} 21. Rc1 {[%emt 0:01:05]} Rd4 {[%emt 0:04:26]} 22. Rfd1 {[%emt 0:03:48]} e5 {[%emt 0:10:01]} 23. f3 {[%emt 0:09:14]} Nc5 {[%emt 0:01:40]} 24. Nf2 {[%emt 0:00:41]} Rxd1+ {[%emt 0:09:33]} 25. Rxd1 {[%emt 0:00:36]} f5 {[%emt 0:00:04]} 26. Nd3 {[%emt 0:01:49]} Rd8 1/2-1/2

[Event "WTCC-65 2018"]
[Site "Radebeul"]
[Date "2018.07.09"]
[Round "3"]
[White "Bellin, Robert"]
[Black "Harestad, Thor Geir"]
[Result "1/2-1/2"]
[WhiteElo "2333"]
[BlackElo "2205"]
[Annotator "NA"]
[PlyCount "69"]
[EventDate "2018.07.07"]
[EventType "team-tourn"]
[EventCountry "GER"]
[SourceTitle "playchess.com"]
[Source "ChessBase"]
[SourceQuality "1"]
[TimeControl "40/5400+30:1800+30"]

1. e4 {[%emt 0:02:10]} c5 {[%emt 0:00:00]} 2. Nf3 {[%emt 0:00:07]} e6 {[%emt 0:00:00]} 3. b3 {[%emt 0:02:03]} Nc6 {[%emt 0:02:08]} 4. Bb2 {[%emt 0:00:26]} d6 {[%emt 0:00:50]} 5. Bb5 {[%emt 0:02:01]} Nge7 {[%emt 0:02:55]} 6. d4 {[%emt 0:05:00]} cxd4 {[%emt 0:00:42]} 7. Nxd4 {[%emt 0:00:13]} a6 {[%emt 0:01:22]} 8. Be2 {[%emt 0:03:53]} e5 {[%emt 0:02:08]} 9. Nxc6 {[%emt 0:03:15]} bxc6 {[%emt 0:00:39]} 10. h4 {[%emt 0:02:53]} Be6 {[%emt 0:06:56]} 11. Bg4 {[%emt 0:11:55]} Qd7 {[%emt 0:04:06]} 12. Bxe6 {[%emt 0:00:07]} Qxe6 {[%emt 0:00:22]} 13. h5 {[%emt 0:05:05]} h6 {[%emt 0:07:15]} 14. Qe2 {[%emt 0:02:15]} Nc8 {[%emt 0:02:22]} 15. Nd2 {[%emt 0:02:14]} Be7 {[%emt 0:08:18]} 16. Nc4 {[%emt 0:10:47]} Bg5 {[%emt 0:03:16]} 17. Rd1 {[%emt 0:02:18]} O-O {[%emt 0:03:03]} 18. Rh3 {[%emt 0:02:40]} f5 $16 {[%emt 0:08:15]} 19. Rhd3 {[%emt 0:08:46]} Be7 {[%emt 0:16:04]} 20. exf5 {[%emt 0:06:19]} Rxf5 {[%emt 0:01:44]} 21. Ne3 {[%emt 0:00:47]} Rf8 {[%emt 0:05:04]} 22. g4 {[%emt 0:08:55]} Nb6 {[%emt 0:05:37]} 23. c4 {[%emt 0:02:08]} Rad8 {[%emt 0:03:49]} 24. Nf5 {[%emt 0:01:50]} Nc8 {[%emt 0:03:07]} 25. Qe4 {[%emt 0:01:25]} c5 {[%emt 0:01:33]} 26. f4 {[%emt 0:01:46]} Rfe8 {[%emt 0:01:40]} 27. fxe5 {[%emt 0:02:53]} Bf6 {[%emt 0:04:31]} 28. Re3 {[%emt 0:03:25]} dxe5 {[%emt 0:00:58]} 29. Rd5 {[%emt 0:02:37]} Rxd5 {[%emt 0:00:31]} 30. Qxd5 {[%emt 0:00:52]} Qxd5 {[%emt 0:00:50]} 31. cxd5 {[%emt 0:00:02]} Nb6 {[%emt 0:00:42]} 32. d6 {[%emt 0:00:27]} Kf7 {[%emt 0:00:25]} 33. Ba3 {[%emt 0:01:19]} Nd7 {[%emt 0:00:30]} 34. Re4 {[%emt 0:00:29]} Rc8 {[%emt 0:00:30]} 35. Rc4 {[%emt 0:03:01]} 1/2-1/2

[Event "WTCC-65 2018"]
[Site "Radebeul"]
[Date "2018.07.09"]
[Round "3"]
[White "Rotstein, Jefim"]
[Black "Klundt, Klaus"]
[Result "1/2-1/2"]
[WhiteElo "2318"]
[BlackElo "2318"]
[Annotator "NA"]
[PlyCount "68"]
[EventDate "2018.07.07"]
[EventType "team-tourn"]
[EventCountry "GER"]
[SourceTitle "playchess.com"]
[Source "ChessBase"]
[SourceQuality "1"]
[TimeControl "40/5400+30:1800+30"]

1. e4 {[%emt 0:00:00]} c5 {[%emt 0:00:00]} 2. Nf3 {[%emt 0:00:00]} e6 {[%emt 0:00:00]} 3. d4 {[%emt 0:00:51]} cxd4 {[%emt 0:00:00]} 4. Nxd4 {[%emt 0:00:09]} Nc6 {[%emt 0:00:06]} 5. Nc3 {[%emt 0:00:24]} Qc7 {[%emt 0:00:12]} 6. g3 {[%emt 0:00:21]} a6 {[%emt 0:00:08]} 7. Bg2 {[%emt 0:00:14]} d6 {[%emt 0:00:49]} 8. O-O {[%emt 0:00:33]} Bd7 {[%emt 0:00:16]} 9. a4 {[%emt 0:04:45]} Nf6 {[%emt 0:02:33]} 10. h3 {[%emt 0:01:21]} Be7 {[%emt 0:01:28]} 11. Nde2 {[%emt 0:01:19]} O-O {[%emt 0:05:09] LiveBook: 8 Games} 12. g4 {[%emt 0:01:06] B80: Sicilian Scheveningen: 6 g3 and 6 Be3, including English Attack} (12. Be3 Rab8 13. g4 Bc8 14. g5 Nd7 15. f4 b5 16. axb5 axb5 17. Qd3 Nc5 18. Bxc5 dxc5 19. Nxb5 c4 20. Qxc4 {½-½ (58) Ponkratov,P (2604)-Belous,V (2557) Khanty-Mansiysk 2015}) 12... Rac8 {[%emt 0:04:25]} 13. Be3 {[%emt 0:02:29]} Nb4 {[%emt 0:06:20]} 14. g5 {[%emt 0:01:47]} Ne8 {[%emt 0:01:28]} 15. f4 $146 {[%emt 0:01:12]} g6 {[%emt 0:01:48]} (15... d5 $5) 16. Ng3 {[%emt 0:07:46]} Ng7 {[%emt 0:04:09]} 17. Rf2 {[%emt 0:02:37]} f6 {[%emt 0:03:46]} 18. h4 {[%emt 0:02:46]} fxg5 {[%emt 0:07:00]} 19. hxg5 {[%emt 0:00:17]} e5 {[%emt 0:00:23]} 20. f5 {[%emt 0:16:46]} gxf5 {[%emt 0:01:02]} 21. exf5 {[%emt 0:00:12]} Nxf5 {[%emt 0:00:17]} 22. Nxf5 {[%emt 0:02:51]} Bxf5 {[%emt 0:00:34]} 23. Nd5 {[%emt 0:10:46]} Nxd5 {[%emt 0:00:47]} 24. Qxd5+ {[%emt 0:01:31]} Kg7 {[%emt 0:02:07]} 25. Qxb7 {[%emt 0:09:27]} Qxb7 {[%emt 0:09:59]} 26. Bxb7 {[%emt 0:00:05]} Rxc2 {[%emt 0:00:21]} 27. Rxc2 {[%emt 0:00:47]} Bxc2 {[%emt 0:00:02]} 28. Bxa6 {[%emt 0:00:54]} d5 {[%emt 0:03:05]} 29. a5 {[%emt 0:03:08]} d4 {[%emt 0:00:17]} 30. Bf2 {[%emt 0:03:47]} Bc5 $15 {[%emt 0:08:42]} 31. b4 {[%emt 0:05:30]} Bxb4 {[%emt 0:03:37]} 32. Bb7 {[%emt 0:00:41]} Bc3 {[%emt 0:08:02]} 33. Ra3 {[%emt 0:01:45]} Bb4 {[%emt 0:10:05]} 34. Ra1 {[%emt 0:05:06]} Bc3 {[%emt 0:04:09]} 1/2-1/2